Central Library OPAC University of Rajshahi

Ethics and spiritual growth / (Record no. 56589)

MARC details
000 -LEADER
fixed length control field 00804nam a2200229 a 4500
001 - CONTROL NUMBER
control field 56589
003 - CONTROL NUMBER IDENTIFIER
rucl marc code BD-RjUL
005 - DATE AND TIME OF LATEST TRANSACTION
control field 20211209080419.0
008 - FIXED-LENGTH DATA ELEMENTS--GENERAL INFORMATION
fixed length control field 161201s1997 ir b 001 0 eng
035 ## - SYSTEM CONTROL NUMBER
System control number (BD-RjUL)56713
040 ## - CATALOGING SOURCE
Original cataloging agency DLC
Transcribing agency DLC
Language of cataloging eng
Modifying agency BD-RjUL
041 1# - LANGUAGE CODE
Language code of text/sound track or separate title eng
Language code of original per
082 ## - DEWEY DECIMAL CLASSIFICATION NUMBER
Edition number 23
Classification number 297.5
Author mark and year MUC 1997
100 1# - MAIN ENTRY--PERSONAL NAME
Personal name Musawi Lar, Mujtaba
9 (RLIN) 168317
245 10 - TITLE STATEMENT
Title Ethics and spiritual growth /
Statement of responsibility, etc. Sayyid Mujtabā Mūsawī Lārī ; translated by Alī Qulī Qarā ̕ī.
250 ## - EDITION STATEMENT
Edition statement 1st ed.
260 ## - PUBLICATION, DISTRIBUTION, ETC. (IMPRINT)
Place of publication, distribution, etc. Qum, Iran :
Name of publisher, distributor, etc. Foundation of Islamic Cultural Propagation in the World,
Date of publication, distribution, etc. 1997.
300 ## - PHYSICAL DESCRIPTION
Pagination 438 p. ;
Size 22 cm.
500 ## - GENERAL NOTE
General note Summary of this book was published in the journal Maktab-e Islām.
504 ## - BIBLIOGRAPHY, ETC. NOTE
Bibliography, etc Includes bibliographical references (p. 425-430) and indexes.
942 ## - ADDED ENTRY ELEMENTS (KOHA)
Source of classification or shelving scheme Dewey Decimal Classification
Koha item type Books
Holdings
Lost status Source of classification or shelving scheme Damaged status Not for loan Collection code Permanent Location Current Location Shelving location Date acquired Cost, normal purchase price Total Checkouts Full call number Date last seen Copy number Koha item type
  Dewey Decimal Classification   Not For Loan Non-fiction Central Library, University of Rajshahi Central Library, University of Rajshahi Reading Room 11/12/2001 0.00   297.5 MUC 1997 01/12/2016 C-1 Books